|
|
|
|
| LEADER |
01042nam a2200241 a 4500 |
| 001 |
1785744 |
| 008 |
090519s1968 it a 000 0 eng d |
| 010 |
|
|
|a 77505519
|
| 020 |
|
|
|a 9251004595
|
| 040 |
|
|
|a DLC
|c DLC
|d DLC
|
| 082 |
0 |
0 |
|a 630.9 22
|2 17
|
| 100 |
1 |
|
|a Hagan, Robert Mower,
|d 1916-
|
| 245 |
1 |
0 |
|a Successful irrigation;
|b planning, development, management
|c [by] Robert M. Hagan, Clyde E. Houston [and] Stephen V. Allison.
|
| 260 |
|
|
|a Rome,
|b Food and Agriculture Organization of the United Nations,
|c 1968.
|
| 300 |
|
|
|a 53 p.
|b illus.
|c 28 cm.
|
| 541 |
1 |
|
|e 00000783
|
| 650 |
|
0 |
|a Irrigation.
|
| 700 |
1 |
|
|a Houston, Clyde E.,
|e joint author.
|
| 700 |
1 |
|
|a Allison, Stephen V.,
|e joint author.
|
| 710 |
2 |
|
|a Food and Agriculture Organization of the United Nations.
|
| 852 |
4 |
|
|a <add your library>
|j <shelf mark>
|
| 999 |
|
|
|c 855
|d 855
|
| 952 |
|
|
|0 0
|1 0
|2 ddc
|4 0
|6 630_900000000000000_22_HAG_196
|7 0
|8 NFIC
|9 805
|a BRACUL
|b BRACUL
|c GEN
|d 2009-05-19
|g 0.00
|l 0
|o 630.9 22 HAG
|p 3010000783
|r 2009-05-19
|t 1
|w 2009-05-19
|y BK
|x No price found in the accession register.
|